[Event "Olympiad-34"]
[Site "Istanbul"]
[Date "2000.11.02"]
[Round "6.2"]
[White "Dautov, Rustem"]
[Black "Svidler, Peter"]
[Result "1/2-1/2"]
[WhiteElo "2606"]
[BlackElo "2689"]
[Annotator "Dautov,R"]
[PlyCount "59"]
[EventDate "2000.10.28"]
[EventType "team-swiss"]
[EventRounds "14"]
[EventCountry "TUR"]
[SourceTitle "EXT 2001"]
[Source "ChessBase"]
[SourceDate "2000.11.22"]
[SourceVersion "1"]
[SourceVersionDate "2000.11.22"]
[SourceQuality "1"]
[WhiteTeam "Germany"]
[BlackTeam "Russia"]
[WhiteTeamCountry "GER"]
[BlackTeamCountry "RUS"]

1. d4 Nf6 2. c4 g6 3. Nc3 d5 4. Nf3 Bg7 5. cxd5 Nxd5 6. e4 Nxc3 7. bxc3 c5 8.
Be3 Qa5 9. Qd2 Nc6 10. Rb1 O-O 11. Rb5 cxd4 12. Rxa5 dxe3 13. Qxe3 Nxa5 14. h4
$1 {Eine wichtige Verbesserung gegenüber dem theoretischen 14.Nd4. Weiß
startet sofort den Angriff auf den gegnerischen König.} ({Nach} 14. Nd4 Bd7 {
hat Schwarz eine sichere Stellung.} 15. e5 (15. Be2 Rfc8 16. O-O Nc4 17. Qg5
Bf6 18. Qd5 Nb6 19. Qa5 e6 20. e5 Be7 21. f4 Nc4 22. Bxc4 Rxc4 23. Rb1 b6 24.
Qa6 Rxc3 25. Qb7 Rd8 26. Nb3 a5 27. Rd1 a4 28. Rxd7 Rxd7 29. Qxd7 axb3 30. Qxe7
b2 31. Qd8+ {1/2-1/2 Dautov,R-Smejkal,J/Frankfurt Ordix op 1997}) 15... Rfc8
16. f4 e6 17. Be2 Rc7 18. O-O Rac8 19. Qd2 Bf8 20. Rf3 Nc4 21. Bxc4 Rxc4 22. h3
b5 23. Kh2 a6 24. Rd3 Bc6 25. Nxc6 R4xc6 $11 {Dautov,R-Alterman,B/Bad Homburg
1997}) 14... Be6 $1 {Peter findet den besten Zug.} ({Weder 14...Bd7 15.h5, noch
} 14... Bg4 15. Nd4 Rac8 16. h5 Rfd8 17. f3 Bd7 18. hxg6 hxg6 19. e5 Rc5 20. f4
Rdc8 21. Kd2 Rc4 22. Kc2 Ra4 23. Kb2 Nc4+ 24. Bxc4 Raxc4 25. Rd1 Ba4 26. Nb3
Bc6 27. g3 e6 28. Rd4 $16 {Khenkin,I-Sutovskij,E/Polanica Zdroj 1999, ist
sicher genug für Schwarz.}) 15. h5 (15. Ng5 $5) 15... Rfc8 16. e5 Nc4 $1 {
Erneut die beste Reaktion.} (16... Bxa2 17. Ng5 Nc4 18. Bxc4 Bxc4 19. hxg6 hxg6
20. Rh7 $1 {mit der Drohung 21.Qh3 und 22.Rxg7+ (oder 22.Rh8+) mit Mattsetzung
wäre für Schwarz sehr gefährlich.}) 17. Bxc4 ({Auf den ersten Blick scheint} 
17. Qg5 $5 {sehr verlockend für Weiß, aber} Nb6 $1 18. hxg6 hxg6 19. Qxe7 Rxc3
{ermöglicht dem Gegner einen gefährlichen Gegenangriff.}) 17... Rxc4 $1 (17...
Bxc4 $2 18. hxg6 hxg6 19. Ng5 $40) 18. hxg6 hxg6 19. Ng5 Rac8 $1 $11 {Gerade
rechtzeitig organisiert Peter sein Gegenspiel, das zum Ausgleich ausreicht.}
20. Nxe6 Rxc3 21. Qg5 (21. Qxa7 {führt ebenfalls zu einem gleichen Endspiel:}
Rc1+ 22. Kd2 Rxh1 23. Nxg7 Rb1 (23... Kxg7 24. Qxb7 Rd8+ 25. Ke2 Kf8 26. a4 Ra1
$11) 24. Qa3 Kxg7 25. Qxe7 $11) 21... Rc1+ 22. Kd2 ({Oder} 22. Ke2 Rxh1 23.
Qxe7 Rhc1 $1 $11 ({aber nicht} 23... Bxe5 $2 {wegen} 24. Ng5 $1 $16)) 22...
Rxh1 ({Schwarz konnte auch sofort das Dauerschach geben:} 22... R8c2+ 23. Kd3
Rc3+) 23. Nxg7 Rd8+ 24. Ke2 ({Nach} 24. Kc2 {da die Variante} Kxg7 $6 ({
müßte Schwarz mit} 24... Rc8+ 25. Kd2 (25. Kb2 $2 Kxg7 26. Qxe7 Rc6 $1 $15)
25... Rd8+ $11 {das Dauerschach geben,}) 25. Qxe7 Rc8+ 26. Kd2 Rhc1 27. Qf6+
Kg8 28. e6 {nur für ihn unangenehm werden kann.}) 24... Kxg7 25. Qxe7 Rdd1 26.
f4 $1 ({Selbstverständlich nicht} 26. Qf6+ Kg8 27. e6 $2 Rhe1+ $19) 26... Rhf1
27. g3 {, und da 28.Qxb7 droht, und Schwarz dauernd auf e5-e6 aufpassen muß,
sah er sich endlich zum Dauerschach gezwungen:} Rfe1+ 28. Kf2 Rf1+ 29. Ke2
Rfe1+ 30. Kf2 1/2-1/2

[Event "FIDE-Wch k.o."]
[Site "New Delhi/Teheran"]
[Date "2000.12.04"]
[Round "3.2"]
[White "Svidler, Peter"]
[Black "Peng, Xiaomin"]
[Result "1-0"]
[WhiteElo "2689"]
[BlackElo "2657"]
[Annotator "Wedberg,T"]
[PlyCount "111"]
[EventDate "2000.11.27"]
[EventType "k.o."]
[EventRounds "7"]
[EventCountry "IND"]
[SourceTitle "CBM 081"]
[Source "ChessBase"]
[SourceDate "2001.03.20"]
[SourceVersion "1"]
[SourceVersionDate "2001.03.20"]
[SourceQuality "1"]

1. e4 e5 2. Nf3 Nc6 3. Bb5 a6 4. Ba4 Nf6 5. O-O Be7 6. Re1 b5 7. Bb3 d6 8. c3
O-O 9. h3 Re8 10. d4 h6 11. Nbd2 Bf8 12. Bc2 Bd7 13. b3 g6 14. Bb2 Bg7 (14...
Nh5 15. Kh2 Nf4 16. Nf1 Bg7 17. Qd2 Qf6 18. d5 Ne7 19. Ng1 Qg5 20. f3 f5 21. c4
bxc4 22. bxc4 Qf6 23. Ba3 $14 {[%cal Yc4c5] 1-0 Kovacs,L-Forintos,G/Budapest
1965/MCD (69)}) 15. d5 (15. Rc1 Qb8 16. Bd3 Qb7 17. d5 Ne7 18. c4 c6 19. c5
cxd5 20. cxd6 Nc6 21. exd5 Nxd5 22. Ne4 $16 {1-0 Westerinen,H-Odendahl,S/
London 1979/MCD (33)}) 15... Ne7 16. c4 c6 $146 (16... Nh5 17. c5 Nf4 18. c6
Bc8 19. a4 bxa4 20. Rxa4 Kh7 21. Nc4 Ng8 22. Bc1 $16 {0-1 Chudinovskih,
A-Balashov,Y/Smolensk 1991/EXT 2000 (47)}) 17. b4 ({The thematic move would
have been} 17. c5 $5 {like in Westerinen-Odendahl above.} cxd5 (17... dxc5 18.
d6 Nc8 19. Bxe5 $14) 18. cxd6 Nc6 19. exd5 Nxd5 20. Nc4 $5 $36) 17... cxd5 18.
cxd5 Nh5 {If we compare this position to the examples given above, Black seems
to have a better version here. He hasn't lost that much ground on the Q-side.}
19. Nb3 Nf4 20. Na5 Rc8 21. Bb3 g5 $5 {[%cal Ye7g6]} 22. Nh2 Neg6 $2 {This
allows White to start some nice counter action.} (22... h5 $5 {[%cal Ye7g6,
Yg6h4] preventing Ng4 would have been much tougher for White to handle.}) 23.
Nc6 $1 $132 {[%mdl 256] With Black drumming up some rather nasty action on the
K-side White is forced to start doing something. You could call it active
defence.} Qf6 (23... Bxc6 24. dxc6 Rxc6 25. g3 $1 Ne6 (25... Nxh3+ 26. Kg2 Qc8
27. Qg4 $14) 26. a4 $36) 24. Ng4 $1 {[%mdl 256] White loses a P, but even
though it's the important defender on g2 White now gains control over the
vital white squares.} Bxg4 25. hxg4 Nh4 26. Re3 $1 {[%mdl 256]} Nhxg2 27. Rg3
Nh4 28. a4 $1 {Already the initiative is with White.} Qg6 (28... Ra8 29. axb5
axb5 30. Ra5 Rxa5 31. bxa5 $16 {[%cal Ya6a7,Ga5a6,Ra7a8]}) 29. Bc2 Bf6 30. axb5
axb5 31. Ra5 $16 Kg7 32. Rxb5 h5 33. Rb7 Rh8 34. Rd7 hxg4 35. Qxg4 Qh7 {
[%cal Yh4f3,Rh7h1] Finally Black has a threat - alas it's very easy to parry.}
36. Kf1 $8 Nhg6 37. Rxd6 $18 Qh1+ 38. Rg1 Qh3+ 39. Qxh3 Rxh3 40. Ke1 Ra8 41.
Kd2 Rh2 42. Rf1 g4 43. Kc3 Bh4 44. Bd1 Rg2 45. Kc4 f6 46. Rd7+ Kh6 47. Bc1 $1
Kg5 48. Be3 Ra2 49. Ra7 Rb2 50. d6 Bxf2 51. Rxf2 $1 Rgxf2 52. d7 g3 53. d8=Q g2
54. Rh7 Rbe2 (54... g1=Q 55. Rh5#) 55. Bxe2 Rxe2 56. Qd7 1-0

[Event "World Cup of Rapid Chess-A"]
[Site "Cannes"]
[Date "2001.03.21"]
[Round "3"]
[White "Polgar, Judit"]
[Black "Svidler, Peter"]
[Result "1-0"]
[WhiteElo "2676"]
[BlackElo "2695"]
[Annotator "Ernst,T"]
[PlyCount "123"]
[EventDate "2001.03.21"]
[EventType "tourn (rapid)"]
[EventRounds "5"]
[EventCountry "FRA"]
[EventCategory "18"]
[SourceTitle "CBM 082"]
[Source "ChessBase"]
[SourceDate "2001.05.17"]
[SourceVersion "1"]
[SourceVersionDate "2001.05.17"]
[SourceQuality "1"]

1. e4 c5 2. Nf3 d6 3. d4 cxd4 4. Nxd4 Nf6 5. Nc3 a6 6. Be3 e6 7. f3 b5 8. g4
Nfd7 9. Qd2 Nb6 10. O-O-O N8d7 11. Qf2 Bb7 12. Bd3 Rc8 13. Nce2 Be7 14. h4 Nc5
15. Kb1 Qc7 16. Bg5 Nba4 17. Bxe7 Qxe7 18. g5 O-O 19. Ng3 f6 20. Nh5 Qf7 21.
Ng3 d5 22. Qe1 Nxd3 23. cxd3 Nc5 24. Rg1 fxg5 25. hxg5 dxe4 26. dxe4 Rc7 27. g6
$5 hxg6 28. Rh1 e5 29. Nc2 Ne6 30. Qg1 Qxf3 31. Qh2 Nf4 $1 32. Nb4 Bxe4+ 33.
Ka1 Nh5 34. Nxe4 Qxe4 35. Qd2 Nf4 36. Qd6 Rfc8 37. a3 a5 38. Nd5 Rb7 (38...
Nxd5 $2 39. Qe6+ $18) 39. Ne7+ Rxe7 40. Qxe7 b4 41. Rhe1 Qf5 42. Rxe5 Qg4 43.
Rd8+ Rxd8 44. Qxd8+ Kh7 $16 45. Re8 g5 46. Rh8+ Kg6 47. Qd6+ Ne6 48. Re8 Kf6
49. Qe7+ Ke5 50. Qxg7+ Kd6 51. Qe7+ Ke5 52. axb4 axb4 53. Qg7+ Kd6 54. Qe7+ Ke5
55. Qc7+ Kf6 56. Qc1 b3 57. Ra8 Qe4 58. Qc3+ Kg6 59. Rg8+ Kf7 60. Rh8 Nd4 61.
Qc7+ Kg6 62. Qh7+ 1-0

[Event "World Cup of Rapid Chess-A"]
[Site "Cannes"]
[Date "2001.03.22"]
[Round "5"]
[White "Svidler, Peter"]
[Black "Gulko, Boris F"]
[Result "1-0"]
[WhiteElo "2695"]
[BlackElo "2622"]
[Annotator "Gofshtein,L"]
[PlyCount "89"]
[EventDate "2001.03.21"]
[EventType "tourn (rapid)"]
[EventRounds "5"]
[EventCountry "FRA"]
[EventCategory "18"]
[SourceTitle "CBM 082"]
[Source "ChessBase"]
[SourceDate "2001.05.17"]
[SourceVersion "1"]
[SourceVersionDate "2001.05.17"]
[SourceQuality "1"]

1. e4 c5 2. Nf3 Nc6 3. d4 cxd4 4. Nxd4 Nf6 5. Nc3 d6 6. Bg5 e6 7. Qd2 Be7 8.
O-O-O O-O 9. Nb3 Qb6 10. f3 Rd8 11. Nb5 Rd7 12. Qe1 $5 {This move look more
logical than 12.Be3,first of all qween go away from d-file,and second-position
black's qween on b6 doesn't help for black to began the counterplay} (12. Be3
Qd8 $8 13. N5d4 Bf8 (13... e5 14. Nf5 (14. Nxc6 bxc6 15. Qc3 Qc7 16. Na5 Bb7
17. Nxb7 Qxb7 18. g4 Rb8 19. g5 Ne8 20. h4 Qb4 21. Qxb4 Rxb4 22. b3 $14 {
1-0 Sax,G-Ermekov,A/Pardubice 1997/CBM 59 ext (45)pair of bishops give for
white clear advantage}) 14... d5 15. Bd3 Bb4 16. Qe2 d4 17. Bg5 g6 18. Nh6+ Kg7
19. Bc4 Qc7 20. Qf2 Ne8 21. Qh4 f6 22. Bd2 Bxd2+ 23. Rxd2 Nb4 24. Bb5 Re7 25.
a3 Nc6 26. g4 $36 {0-1 Toth,A-Nor,I/Paks 1998/EXT 99 (40)}) (13... a5 $5 14.
Nxc6 bxc6 15. Nd4 Rc7 16. g4 a4 17. g5 Nh5 $132 {0-1 Liss,E-Kotronias,V/Rishon
Le Ziyyon 1996/CBM 53 (39)}) 14. g4 e5 15. Nxc6 bxc6 16. g5 Ne8 (16... Nh5 $5)
17. Na5 Rc7 18. h4 Be6 19. h5 Qb8 20. Qc3 Qc8 21. g6 Rb8 22. f4 Nf6 23. gxh7+
Kh8 24. Bg2 $16 {0-1 Maiorov,O-Fomichenko,E/Krasnodar RUS 1999 (44)}) 12... a6
(12... Qd8 $5 13. h4 (13. g4 b6 14. h4 Bb7 15. N5d4 Nxd4 16. Nxd4 Rc8 17. Kb1
a6 18. Bc1 Rdc7 19. g5 Nd7 20. Rh2 d5 21. e5 Bc5 22. h5 Bxd4 23. Rxd4 Nf8 24.
Bd3 Rd7 25. g6 {1-0 Anand,V-Tissir,M/Shenyang 2000/CBM 79 no vc (25)}) 13... a5
$5 14. a4 e5 15. g3 Ne8 16. Be3 d5 17. Bh3 d4 18. Bd2 Nb4 $44 {... 1/2-1/2
Nunn,J-Pelletier,Y/Germany 1999/EXT 2000 (60)}) 13. N5d4 $5 (13. Be3 $6 Qd8 14.
N5d4 Nxd4 (14... Bf8 15. g4 e5 16. Nf5 d5 17. g5 dxe4 18. Rxd7 Bxd7 19. Nxg7
Bxg7 20. gxf6 Qxf6 21. fxe4 Nd4 $14 {1/2-1/2 Yemelin,V-Sherbakov,R/St
Petersburg 1998/CBM 67 (67)}) 15. Bxd4 (15. Nxd4 $146 {This move is a more
logical on than Bd4 since this way white doesn't allow e5 in the view of Nf5}
Qc7 16. g4 d5 17. g5 Nh5 (17... Ne8 18. h4 Nd6 19. exd5 exd5 20. h5 $40) 18.
Qh4 g6 19. Bh3 {[%cal Gd4e6]} Rd8 $13 {1/2-1/2 Svidler,P-Iskusnyh,S/Smolensk
2000/CBM 77/[Gershon] (29)}) 15... e5 16. Bc3 d5 17. Bxe5 dxe4 18. Rxd7 Nxd7
$132 {1/2-1/2 Huebner,R-Reeh,O/Germany 1989/GER-chT (75)} (18... Bxd7 19. fxe4
a5 $44 {0-1 Huebner,R-Piket,J/Lugano 1989/TD (40)})) 13... Rd8 (13... Qc7 14.
h4 Ne5 15. Kb1 b5 16. g4 d5 17. Bxf6 gxf6 18. f4 Ng6 19. f5 $40 {1-0 Anand,
V-Avrukh,B/Haifa 2000/CBM 74 ext (32)}) 14. g4 e5 15. Nf5 Bxf5 16. exf5 $5 {
[%mdl 4]} Nd5 $2 (16... d5 $5) 17. h4 Bxg5+ (17... Ncb4 18. Kb1 Rac8 19. c3 $16
) 18. hxg5 Qe3+ (18... Ndb4 19. Kb1 $18) (18... Ncb4 19. Kb1 Ne3 20. Rc1 $18)
19. Qd2 Rac8 20. Kb1 {[%csl Yh1,Rh7][%cal Yh1h7]} Ncb4 (20... Qxd2 21. Rxd2 Nf4
22. Rdh2 $18) 21. a3 (21. Qh2 h6 22. Rd2 Qxg5 23. a3 Nxc2 24. Rxd5 Ne3 25. Rd3)
21... Rxc2 22. Qxe3 Nxe3 23. axb4 Rf2 (23... Rxb2+ 24. Kxb2 Nxd1+ 25. Kc2 Ne3+
26. Kd2 $18) 24. Re1 Rxf3 25. Nd2 Rg3 26. Ne4 Rf3 27. Rh3 Rxh3 28. Bxh3 $16 Nd5
29. Rd1 Nf4 30. Bf1 d5 31. Nc5 b6 32. Nd3 Nxd3 33. Bxd3 Kf8 34. Be4 $18 d4 35.
Kc2 f6 36. g6 hxg6 37. fxg6 Ke7 38. Ra1 Rh8 39. Rxa6 Rh2+ 40. Kd3 Rh3+ 41. Kc4
Re3 42. Bf5 b5+ 43. Kxb5 d3 44. Ra7+ Ke8 45. Rxg7 1-0

[Event "Zuerich Kortschnoj KO"]
[Site "Zuerich"]
[Date "2001.04.29"]
[Round "1.2"]
[White "Svidler, Peter"]
[Black "Piket, Jeroen"]
[Result "0-1"]
[WhiteElo "2695"]
[BlackElo "2628"]
[Annotator "Huzman,A"]
[PlyCount "54"]
[EventDate "2001.04.29"]
[EventType "k.o. (rapid)"]
[EventRounds "3"]
[EventCountry "SUI"]
[SourceTitle "CBM 083"]
[Source "ChessBase"]
[SourceDate "2001.07.05"]
[SourceVersion "1"]
[SourceVersionDate "2001.07.05"]
[SourceQuality "1"]

1. e4 e5 2. Nf3 Nf6 3. Nxe5 d6 4. Nf3 Nxe4 5. d4 d5 6. Bd3 Bd6 7. O-O O-O 8. c4
c6 9. Qc2 Na6 10. a3 Re8 11. Nc3 Bg4 12. Nxe4 dxe4 13. Bxe4 Bxf3 14. Bxf3 Qh4
15. g3 Qxd4 16. Be3 Qf6 17. Be4 g6 $1 {Piket had successfully used this idea
in couple of games.} (17... h6 $6 18. b4 Nc7 19. Rad1 Be5 20. Rd7 Re7 21. Rfd1
Rae8 22. Rxe7 Qxe7 23. Bxa7 $16 {1-0 Anand,V-Piket,J/Monaco MNC 2001/ (51)})
18. b4 Nc7 19. Rab1 (19. Rad1 a5 20. Bg2 axb4 21. c5 Be5 22. axb4 Nb5 23. Rd7
Re7 24. Rxe7 Qxe7 25. Rd1 h5 26. Bf1 Ra1 27. Rxa1 Bxa1 28. Bc4 Qf6 29. Qd3 Nd4
$11 {1-0 Leko,P-Piket,J/Monaco MNC 2001/ (57)}) 19... Ne6 20. Rfd1 Be5 21. Rd7
Nd4 22. Qd1 (22. Bxd4 Bxd4 23. Rf1 Re7 {1/2-1/2 Ivanchuk,V-Piket,J/Monaco MNC
2001/ (23)}) 22... Rad8 23. Rxb7 $2 {[%mdl 16384]} (23. Rxd8 Rxd8 24. Bxd4 Rxd4
25. Qe2 $11) 23... Bxg3 24. hxg3 (24. fxg3 Rxe4 25. Bxd4 Rdxd4 26. Qf1 Qe6 $40)
24... Rxe4 25. Kg2 $2 (25. Bxd4 $142 Rdxd4 (25... Rexd4 26. Qe2 Rd2 27. Qe3
R8d3 28. Qc5 h5 $40) 26. Qc2 Qf3 $36) 25... Nf5 $19 26. Qe2 Nxe3+ 27. fxe3 Qe6
(27... Qc3 $5 28. Qf1 f5 29. Rxa7 Rd2+ 30. Kh3 Qxe3 $19) (27... Qe6 28. Re1
Rxc4 29. Rxa7 Qe4+ 30. Kg1 Rc2 $19) 0-1

[Event "RUS-chT 08th Group2"]
[Site "Tomsk"]
[Date "2001.05.15"]
[Round "3"]
[White "Svidler, Peter"]
[Black "Ovetchkin, Roman"]
[Result "1-0"]
[WhiteElo "2695"]
[BlackElo "2497"]
[PlyCount "67"]
[EventDate "2001.05.13"]
[EventType "team-tourn"]
[EventRounds "5"]
[EventCountry "RUS"]
[SourceTitle "EXT 2020"]
[Source "ChessBase"]
[SourceDate "2019.10.17"]
[SourceVersion "1"]
[SourceVersionDate "2019.10.17"]
[SourceQuality "1"]
[WhiteTeam "Sankt Petersburg Lentransgaz"]
[BlackTeam "Nizhny Tagil Politekhnik"]
[WhiteTeamCountry "RUS"]
[BlackTeamCountry "RUS"]

1. e4 e5 2. Nf3 Nf6 3. Nxe5 d6 4. Nf3 Nxe4 5. d4 d5 6. Bd3 Nc6 7. O-O Be7 8. c4
Nf6 9. cxd5 Nxd5 10. Nc3 O-O 11. Re1 Nf6 12. a3 Bg4 13. d5 Nd4 14. Bxh7+ Nxh7
15. Qxd4 Bxf3 16. gxf3 Bf6 17. Qd3 Qd7 18. Bf4 Rfe8 19. Ne4 b6 20. Re2 c5 21.
Rae1 Bd4 22. d6 Re6 23. b4 Rae8 24. bxc5 bxc5 25. Qc4 Nf8 26. Qd5 Re5 27. Bxe5
Rxe5 28. Qa8 Qh3 29. f4 Rh5 30. Ng5 Qxh2+ 31. Kf1 Rxg5 32. fxg5 Kh7 33. Qg2
Qxd6 34. Re8 1-0

[Event "RUS-chT 08th final A"]
[Site "Tomsk"]
[Date "2001.05.19"]
[Round "1"]
[White "Svidler, Peter"]
[Black "Galkin, Alexander"]
[Result "1-0"]
[WhiteElo "2695"]
[BlackElo "2584"]
[PlyCount "59"]
[EventDate "2001.05.19"]
[EventType "team-tourn"]
[EventRounds "3"]
[EventCountry "RUS"]
[SourceTitle "EXT 2020"]
[Source "ChessBase"]
[SourceDate "2019.10.17"]
[SourceVersion "1"]
[SourceVersionDate "2019.10.17"]
[SourceQuality "1"]
[WhiteTeam "Sankt Petersburg Lentransgaz"]
[BlackTeam "Maykop Universitet"]
[WhiteTeamCountry "RUS"]
[BlackTeamCountry "RUS"]

1. e4 c6 2. d4 d5 3. e5 Bf5 4. Nc3 e6 5. g4 Bg6 6. Nge2 Ne7 7. f4 Na6 8. Ng3
Nb4 9. f5 exf5 10. a3 f4 11. axb4 fxg3 12. hxg3 a6 13. Bg5 Qb8 14. Bd3 Qa7 15.
Ne2 b5 16. c3 Bxd3 17. Qxd3 Ng6 18. Nf4 Nxf4 19. gxf4 h6 20. f5 Qc7 21. Qe3 a5
22. e6 f6 23. Bf4 Qd8 24. Qh3 h5 25. gxh5 axb4 26. Ke2 Ra4 27. Qg3 Qe7 28. b3
Ra3 29. cxb4 Qxb4 30. Bd2 1-0

[Event "RUS-chT 08th final A"]
[Site "Tomsk"]
[Date "2001.05.20"]
[Round "2"]
[White "Filippov, Valerij"]
[Black "Svidler, Peter"]
[Result "1/2-1/2"]
[WhiteElo "2632"]
[BlackElo "2695"]
[PlyCount "51"]
[EventDate "2001.05.19"]
[EventType "team-tourn"]
[EventRounds "3"]
[EventCountry "RUS"]
[SourceTitle "EXT 2020"]
[Source "ChessBase"]
[SourceDate "2019.10.17"]
[SourceVersion "1"]
[SourceVersionDate "2019.10.17"]
[SourceQuality "1"]
[WhiteTeam "Tomsk 400"]
[BlackTeam "Sankt Petersburg Lentransgaz"]
[WhiteTeamCountry "RUS"]
[BlackTeamCountry "RUS"]

1. c4 Nf6 2. Nc3 e5 3. Nf3 Nc6 4. d4 exd4 5. Nxd4 Bb4 6. Bg5 h6 7. Bh4 Bxc3+ 8.
bxc3 O-O 9. e3 Ne5 10. Nb5 d6 11. Bxf6 Qxf6 12. Nxc7 Nf3+ 13. Ke2 Bg4 14. Nd5
Nxh2+ 15. Ke1 Qg5 16. Qd4 Nxf1 17. Kxf1 Be6 18. Rd1 Rac8 19. Qxa7 Ra8 20. Qb6
Rxa2 21. Qxd6 Bxd5 22. Qxd5 Qf6 23. Qf3 Qxc3 24. Rh4 Ra1 25. Rhd4 Rfa8 26. Qxb7
1/2-1/2